Antología de la música del siglo XX
Guardat en:
| Autor principal: | |
|---|---|
| Format: | Llibre |
| Idioma: | espanyol |
| Publicat: |
Madrid
Ediciones Akal
2000
|
| Edició: | 1a. ed |
| Col·lecció: | Akal - Música, 8
|
| Matèries: | |
| Etiquetes: |
Afegir etiqueta
Sense etiquetes, Sigues el primer a etiquetar aquest registre!
|
MARC
| LEADER | 00000cam a2200000 a 4500 | ||
|---|---|---|---|
| 001 | UCD6817 | ||
| 003 | CL-VaPUC | ||
| 005 | 20250127110316.0 | ||
| 008 | 170119e20000000sp |||||||||||||||||spa|d | ||
| 999 | |c 366997 |d 366995 | ||
| 020 | |a 8446006383 | ||
| 040 | |c Pontificia Universidad Católica de Valparaíso | ||
| 082 | 0 | 4 | |a 780.264 |b MOR |2 21 |
| 100 | |a Morgan, Robert P. |e autor |9 590640 | ||
| 245 | 1 | 0 | |a Antología de la música del siglo XX |
| 250 | |a 1a. ed | ||
| 260 | |a Madrid |b Ediciones Akal |c 2000 | ||
| 300 | |a 490 p | ||
| 490 | 0 | |a Akal - Música, 8 | |
| 583 | |a last modification |c 20170119 14:29:00 |k Rodrigo Vera | ||
| 650 | 0 | |a Música, siglo 20 |9 324961 | |
| 650 | 0 | |a Partituras |9 342409 | |
| 650 | 0 | |a Música occidental |9 326969 | |
| 942 | |c BK |2 ddc | ||
| 945 | |d 20170119 14:29:00 |a arojas | ||
| 952 | |0 0 |1 0 |3 erb |4 0 |6 780_264000000000000_MOR_2000 |7 0 |8 R |9 481675 |a BIBEDU |b BIBEDU |i 5361192 |o 780.264 MOR 2000 |p 5361192 |r 2023-01-12 |w 2019-11-24 |y BK_R |z Catalogado en:20170119 |k MUS | ||